[Event "Polugaevsky Memorial 2019"]
[Site "Samara"]
[Date "2019.07.17"]
[Round "8.8"]
[White "Bratchikov, Vladislav"]
[Black "Kopylov, Alexander A."]
[Result "*"]
[WhiteElo "2041"]
[BlackElo "2410"]
[Annotator "TA"]
[PlyCount "33"]
[EventDate "2019.07.10"]
[EventType "swiss"]
[EventCountry "RUS"]
[SourceTitle "playchess.com"]
[Source "ChessBase"]
[SourceQuality "1"]

{[%evp 12,19,37,42,60,27,68,37,25,20]} 1. d4 Nf6 2. c4 g6 3. Nc3 d5 4. Bf4 Bg7 5. e3 dxc4 6. Bxc4 O-O 7. Nf3 Nbd7 {D93: Grünfeld: 4 Nf3 Bg7 5 Bf4 0-0 6 e3} 8. O-O (8. h3 c5 9. O-O cxd4 10. exd4 Nb6 11. Bb3 Nbd5 12. Bg5 Nxc3 13. bxc3 Ne4 14. Re1 Nxg5 15. Nxg5 e6 16. Ne4 Bd7 17. d5 exd5 18. Bxd5 {0-1 (33) Timman,J (2541)-Vachier Lagrave,M (2778) Germany 2019}) 8... c5 9. dxc5 Nxc5 10. Qe2 {Predecessor:} Be6 $146 11. Bxe6 Nxe6 12. Be5 Qa5 13. Rfd1 Rfd8 14. a3 Ng5 15. Qb5 Nxf3+ 16. gxf3 Qxb5 17. Nxb5 {½-½ (49) Lerner,K (2513)-Rodshtein,M (2614) Israel 2008} *

[Event "Polugaevsky Memorial 2019"]
[Site "Samara"]
[Date "2019.07.17"]
[Round "8.9"]
[White "Shapiro, David"]
[Black "Rodchenkov, Vitaly"]
[Result "*"]
[WhiteElo "2410"]
[BlackElo "2302"]
[Annotator "TA"]
[PlyCount "24"]
[EventDate "2019.07.10"]
[EventType "swiss"]
[EventCountry "RUS"]
[SourceTitle "playchess.com"]
[Source "ChessBase"]
[SourceQuality "1"]

{[%evp 9,13,35,50,52,43,19]} 1. d4 d6 2. e4 Nf6 3. Nc3 g6 4. Be3 a6 5. f3 (5. h3 e6 6. Bd3 Nbd7 7. Nf3 b5 8. e5 b4 9. Ne4 Nxe4 10. Bxe4 d5 11. Bd3 c5 12. c3 bxc3 13. bxc3 {1-0 (35) Shankland,S (2725)-Nepomniachtchi,I (2763) Wijk aan Zee 2019}) 5... b5 6. Qd2 {B07: Pirc Defence: Miscellaneous Systems} Bb7 7. g4 {Predecessor:} h5 $146 8. g5 Nfd7 9. a4 b4 10. Nd1 c5 11. d5 Bg7 12. Nh3 O-O {1-0 (99) Pap,M (2501)-Zubarev,A (2597) Bad Woerishofen 2012} *

[Event "Polugaevsky Memorial 2019"]
[Site "Samara"]
[Date "2019.07.17"]
[Round "8.10"]
[White "Tunik, Gennady"]
[Black "Karpeshov, Oleg"]
[Result "*"]
[WhiteElo "2371"]
[BlackElo "2286"]
[Annotator "TA"]
[PlyCount "30"]
[EventDate "2019.07.10"]
[EventType "swiss"]
[EventCountry "RUS"]
[SourceTitle "playchess.com"]
[Source "ChessBase"]
[SourceQuality "1"]

{[%evp 19,30,22,27,20,29,19,23,-41,-19,-11,0,0,5]} 1. d4 Nf6 2. c4 g6 3. Nc3 d5 4. Nf3 Bg7 5. cxd5 Nxd5 6. e4 Nxc3 7. bxc3 c5 8. Be3 Qa5 9. Qd2 O-O 10. Rc1 Nd7 11. Bd3 {D85: Exchange Grünfeld: Unusual White 7th moves and lines with 7 Nf3} e5 12. d5 f5 {[#] Hoping for ...f4.} 13. c4 $146 (13. Qc2 $11) ({Predecessor:} 13. Bh6 fxe4 14. Bxe4 Qa4 15. Bc2 Qg4 16. Qg5 Nf6 17. Bxg7 Kxg7 18. Rd1 Qc4 {½-½ (71) Onischuk,A (2647)-Wei,Y (2733) Astana 2019}) 13... Qxd2+ $15 14. Bxd2 fxe4 15. Bxe4 Nf6 *

[Event "Polugaevsky Memorial 2019"]
[Site "Samara"]
[Date "2019.07.18"]
[Round "9.1"]
[White "Shaposhnikov, Evgeny"]
[Black "Gabrielian, Artur"]
[Result "1/2-1/2"]
[WhiteElo "2575"]
[BlackElo "2458"]
[Annotator "TA"]
[PlyCount "53"]
[EventDate "2019.07.10"]
[EventType "swiss"]
[EventCountry "RUS"]
[SourceTitle "playchess.com"]
[Source "ChessBase"]
[SourceQuality "1"]

{[%evp 10,53,12,13,51,30,39,31,51,15,10,14,12,10,0,0,15,12,4,17,10,8,4,8,0,0,27,48,37,0,37,0,0,0,66,0,0,0,60,0,2,0,6,16,30,9]} 1. Nf3 ({Predecessor:} 1. c4 c5 {½-½ (22) Papin,V (2510)-Gabrielian,A (2555) Taganrog 2014}) 1... c5 2. c4 Nc6 3. d4 cxd4 4. Nxd4 Nf6 5. Nc3 e6 6. Bf4 Nxd4 $146 {A33: Symmetrical English: 2 Nf3 Nf6 3 d4 cxd4 4 Nxd4 e6 5 Nc3 Nc6} (6... d6 7. Bg3 Nh5 8. e3 Nxg3 9. hxg3 Bd7 10. Ndb5 Qb6 11. Qd2 O-O-O 12. Ne4 Kb8 13. Nbxd6 f5 14. c5 {1-0 (57) Bu,X (2712)-Le,Q (2728) Danzhou 2018}) 7. Qxd4 Qa5 8. Bd2 Bc5 {White is slightly better.} 9. Qd3 Qb6 10. Qg3 Qxb2 11. Rb1 Qc2 $1 {Hoping for ...Ne4!} 12. Qxg7 {[%mdl 64] [#] Double Attack} Ne4 {[%csl Ge4][%cal Rc2d2]} 13. Qxh8+ Ke7 {[%csl Ge4][%cal Rc2d2]} 14. Nd5+ exd5 {[%csl Ge4][%cal Rc2d2]} 15. Qe5+ {[%mdl 64] [#] Double Attack} Kd8 $1 $132 {[%csl Ge4][%cal Rc2d2][%mdl 2560] Black is fighting back} 16. Bg5+ $1 Nxg5 17. Qxg5+ Ke8 18. Qe5+ Kf8 19. Qh8+ Ke7 20. Qe5+ Kf8 21. Qh8+ (21. Qb2 $11 Qxb2 22. Rxb2) 21... Ke7 $14 22. Qe5+ (22. Qb2 $1 $14 Qxb2 23. Rxb2 dxc4 24. e4) 22... Kf8 $11 23. Qh8+ (23. Qb2 $11 Qxb2 24. Rxb2) 23... Ke7 $14 24. Qe5+ ({Better is} 24. Qb2 $1 $14 Qxb2 25. Rxb2 dxc4 26. e4) 24... Kf8 $11 {( -> ...Bb4+!)} 25. Qb2 Qxb2 26. Rxb2 dxc4 27. e4 {Accuracy: White = 79%, Black = 58%.} 1/2-1/2

[Event "Polugaevsky Memorial 2019"]
[Site "Samara"]
[Date "2019.07.18"]
[Round "9.2"]
[White "Goganov, Aleksey"]
[Black "Gaifullin, Artur"]
[Result "1-0"]
[WhiteElo "2561"]
[BlackElo "2453"]
[Annotator "TA"]
[PlyCount "49"]
[EventDate "2019.07.10"]
[EventType "swiss"]
[EventCountry "RUS"]
[SourceTitle "playchess.com"]
[Source "ChessBase"]
[SourceQuality "1"]

{[%evp 10,49,9,5,6,0,5,-20,-11,-22,-14,-10,-4,-30,11,-41,-41,-44,-62,-39,-72,-51,0,0,65,59,115,127,122,130,112,128,232,159,2050,1796,29992,29993,29993,29994,29994,29995]} 1. Nf3 Nf6 2. c4 e6 3. Nc3 d5 4. e3 Be7 5. b3 O-O 6. Bb2 dxc4 {A13: English Opening: 1...e6} 7. bxc4 c5 8. Rg1 b6 {The position is equal.} 9. g4 $146 ({Predecessor:} 9. Be2 Bb7 10. Qb1 Ne8 11. g4 Nd6 12. Rg3 Nd7 13. Qc2 a6 14. g5 {½-½ (68) Malakhov,V (2689)-Zhou,J (2616) China 2018}) 9... Bb7 10. g5 Nfd7 11. Rg3 Nc6 12. Bd3 ({Better is} 12. Ne4 $11) 12... Nb4 $15 13. Bb1 $1 f5 14. gxf6 Bxf6 {...Bxf3 is the strong threat.} 15. d4 cxd4 ({Black should play} 15... Bxf3 $15 16. Rxf3 cxd4 17. exd4 Bxd4 18. Qxd4 Rxf3) 16. Nxd4 $11 Nc5 (16... Qe8 $11) 17. a3 $14 {[%cal Ba2a3,Ba3b4][%mdl 32]} e5 (17... Nbd3+ $14 18. Bxd3 Bh4) 18. axb4 $16 {Threatens to win with Qh5.} exd4 19. Nd5 $1 Bxd5 20. cxd5 dxe3 (20... d3 $16 {was necessary.} 21. bxc5 Bxb2 22. Qxd3 Qh4) 21. Qc2 $36 {[%mdl 2112] Double Attack. White has strong initiative.} exf2+ $2 {[#]} (21... Bxb2 $16 22. Qxh7+ Kf7 23. Qh5+ Ke7) 22. Kf1 $1 $18 {[%mdl 512]} Bxb2 23. Qxh7+ {White mates.} Kf7 24. Qg6+ Kg8 {[#]} 25. Rh3 $1 {[%mdl 512] Accuracy: White = 62%, Black = 34%.} 1-0

[Event "Polugaevsky Memorial 2019"]
[Site "Samara"]
[Date "2019.07.18"]
[Round "9.3"]
[White "Zhigalko, Andrey"]
[Black "Shapiro, David"]
[Result "1-0"]
[WhiteElo "2549"]
[BlackElo "2410"]
[Annotator "TA"]
[PlyCount "57"]
[EventDate "2019.07.10"]
[EventType "swiss"]
[EventCountry "RUS"]
[SourceTitle "playchess.com"]
[Source "ChessBase"]
[SourceQuality "1"]

{[%evp 9,57,22,22,39,15,13,46,47,62,46,59,61,87,92,84,62,100,79,194,128,171,180,219,184,197,132,116,120,206,160,311,311,345,343,331,313,764,492,637,638,638,642,793,784,29979,1004,29981,29982,29996,29997]} 1. c4 e6 2. Nc3 d5 3. d4 a6 4. cxd5 exd5 5. Qb3 $146 (5. Nf3 h6 6. Bf4 Nf6 7. e3 Bd6 8. Bxd6 Qxd6 9. Qc2 O-O 10. Bd3 Re8 11. h3 Be6 12. O-O Nbd7 13. a4 {½-½ (40) Shankland,S (2725)-Carlsen,M (2835) Wijk aan Zee 2019}) 5... c6 6. e4 {D31: Queen's Gambit Declined: Semi-Slav without ...Nf6 (+ Marshall Gambit and Noteboom) and Exchange Variation lines without ...Nf6} dxe4 7. Bc4 Qc7 8. Nxe4 {White is slightly better.} b5 $1 {[%cal Rb5c4]} 9. Bd3 Be6 10. Qc2 Nd7 11. Ne2 Ngf6 12. Bf4 $36 {[%mdl 2048] White is pushing.} Qa5+ 13. Bd2 Qb6 (13... Bb4 $16 {keeps fighting.}) 14. O-O (14. Nf4 $18) 14... Be7 15. Nf4 Bc4 16. Nxf6+ (16. Bxc4 $6 bxc4 17. Nxf6+ Nxf6 $16) 16... Nxf6 17. Bxc4 (17. Rfe1 $18) 17... bxc4 $16 18. Rfe1 Qxd4 (18... Ra7 $16 {might work better.}) 19. Rad1 Qa7 $2 (19... Qd6 $16 {was called for.} 20. Nh5 (20. Qxc4 O-O $16) 20... O-O) 20. Bb4 $18 ({Not} 20. Qxc4 O-O $16) 20... c5 21. Qa4+ (21. Qxc4 O-O $16) 21... Kf8 22. Bc3 Qb8 $2 (22... Qb7 23. Bxf6 (23. Qxc4 Qb5 $16) 23... Bxf6) 23. Nd5 Nxd5 24. Rxd5 Qb5 25. Qd1 {Intending Rxe7 and mate.} Re8 {[#]} 26. Rxe7 $1 {[%mdl 512]} Kxe7 (26... Rxe7 27. Rd8+) 27. Bxg7 (27. Re5+ $142 Kf8 28. Qd6+ {[%mdl 64] Double Attack} Kg8 {[#]} 29. Rg5 $1 {[%mdl 576] Discovered Attack} g6 30. Qf6 Re1+ 31. Bxe1 Qd7 32. Re5) 27... f6 {[#]} 28. Bxf6+ $1 {[%mdl 512]} Ke6 (28... Kxf6 29. Qf3+) 29. Rd6+ {Accuracy: White = 84%, Black = 19%.} 1-0

[Event "Polugaevsky Memorial 2019"]
[Site "Samara"]
[Date "2019.07.18"]
[Round "9.6"]
[White "Ovetchkin, Roman"]
[Black "Sidorov, Anatoly"]
[Result "1-0"]
[WhiteElo "2538"]
[BlackElo "2321"]
[Annotator "ChessBase"]
[PlyCount "105"]
[EventDate "2019.07.10"]
[EventType "swiss"]
[EventCountry "RUS"]
[SourceTitle "playchess.com"]
[Source "ChessBase"]
[SourceQuality "1"]
[TimeControl "5400+30"]

1. d4 {[%emt 0:00:02]} Nf6 {[%emt 0:00:08]} 2. c4 {[%emt 0:00:07]} e6 {[%emt 0:00:06]} 3. Nf3 {[%emt 0:00:07]} b6 {[%emt 0:00:22]} 4. g3 {[%emt 0:00:24]} Ba6 {[%emt 0:00:09]} 5. b3 {[%emt 0:00:45]} b5 {[%emt 0:00:30]} 6. cxb5 {[%emt 0:00:15]} Bxb5 {[%emt 0:00:02]} 7. Bg2 {[%emt 0:00:11]} Bb4+ {[%emt 0:02:09]} 8. Bd2 {[%emt 0:00:56]} a5 {[%emt 0:02:53]} 9. Ne5 {[%emt 0:10:02]} d5 {[%emt 0:08:34]} 10. Nc3 {[%emt 0:03:56]} Ba6 {[%emt 0:02:43]} 11. O-O {[%emt 0:09:07]} Nfd7 {[%emt 0:05:18]} 12. Nxd5 {[%emt 0:14:25]} Bxd2 {[%emt 0:13:30]} 13. Qxd2 {[%emt 0:00:34]} Nxe5 {[%emt 0:00:32]} 14. Nxc7+ {[%emt 0:01:15]} Qxc7 {[%emt 0:00:14]} 15. Bxa8 {[%emt 0:00:11]} Ned7 {[%emt 0:00:17]} 16. Rac1 {[%emt 0:05:51]} Qb6 {[%emt 0:00:33]} 17. Rc2 {[%emt 0:05:56]} O-O {[%emt 0:04:10]} 18. Rfc1 {[%emt 0:16:10]} h6 {[%emt 0:01:09]} 19. Qf4 {[%emt 0:09:49]} Qb4 {[%emt 0:07:54]} 20. Bf3 {[%emt 0:01:22]} Rd8 {[%emt 0:01:48]} 21. d5 {[%emt 0:02:07]} e5 {[%emt 0:05:59]} 22. Qxb4 {[%emt 0:01:40]} axb4 {[%emt 0:00:02]} 23. e4 {[%emt 0:00:09]} Nf6 {[%emt 0:00:15]} 24. Be2 {[%emt 0:00:16]} Bxe2 {[%emt 0:03:59]} 25. Rxe2 {[%emt 0:00:32]} Nbd7 {[%emt 0:01:16]} 26. Rc4 {[%emt 0:00:11]} Rb8 {[%emt 0:00:25]} 27. Rec2 {[%emt 0:00:20]} Rb5 {[%emt 0:00:35]} 28. Rc8+ {[%emt 0:00:20]} Kh7 {[%emt 0:00:04]} 29. f3 {[%emt 0:00:08]} g5 {[%emt 0:00:24]} 30. R8c7 {[%emt 0:07:17]} Kg7 {[%emt 0:00:37]} 31. g4 {[%emt 0:00:33]} Kf8 {[%emt 0:00:28]} 32. Kf2 {[%emt 0:00:35]} Ke7 {[%emt 0:00:47]} 33. Ra7 {[%emt 0:00:14]} h5 {[%emt 0:01:39]} 34. h3 {[%emt 0:01:06]} hxg4 {[%emt 0:01:25]} 35. hxg4 {[%emt 0:00:05]} Ne8 {[%emt 0:00:20]} 36. Rc8 {[%emt 0:01:29]} Rb6 {[%emt 0:03:36]} 37. Ke3 {[%emt 0:00:58]} Nef6 {[%emt 0:00:33]} 38. Rc6 {[%emt 0:00:14]} Rb8 {[%emt 0:02:47]} 39. Rxf6 {[%emt 0:00:20]} Kxf6 {[%emt 0:00:02]} 40. Rxd7 {[%emt 0:00:00]} Ra8 {[%emt 0:00:00]} 41. Rb7 {[%emt 0:00:00]} Rxa2 {[%emt 0:00:00]} 42. Rxb4 {[%emt 0:00:00]} Rb2 {[%emt 0:00:00]} 43. Rb7 {[%emt 0:00:00]} Rb1 {[%emt 0:00:00]} 44. b4 {[%emt 0:00:00]} Rb3+ {[%emt 0:00:00]} 45. Kf2 {[%emt 0:00:00]} Rb2+ {[%emt 0:00:00]} 46. Kg3 {[%emt 0:00:00]} Rb1 {[%emt 0:00:00]} 47. b5 {[%emt 0:00:00]} Rb3 {[%emt 0:00:00]} 48. b6 {[%emt 0:00:00]} Rb2 {[%emt 0:00:00]} 49. Rb8 {[%emt 0:00:00]} Ke7 {[%emt 0:00:00]} 50. b7 {[%emt 0:00:00]} Rb3 {[%emt 0:00:00]} 51. Rg8 {[%emt 0:00:00]} Rxb7 {[%emt 0:00:00]} 52. Rxg5 {[%emt 0:00:00]} Kd6 {[%emt 0:00:00]} 53. Rf5 {[%emt 0:00:00] Kxd5} 1-0

[Event "Polugaevsky Memorial 2019"]
[Site "Samara"]
[Date "2019.07.18"]
[Round "9.7"]
[White "Yeletsky, Ivan"]
[Black "Goltsev, Dmitry"]
[Result "1/2-1/2"]
[WhiteElo "2464"]
[BlackElo "2304"]
[Annotator "TA"]
[PlyCount "82"]
[EventDate "2019.07.10"]
[EventType "swiss"]
[EventCountry "RUS"]
[SourceTitle "playchess.com"]
[Source "ChessBase"]
[SourceQuality "1"]

{[%evp 12,82,23,12,17,18,35,23,29,0,8,0,0,0,0,0,0,-14,-18,-19,0,0,0,-18,0,0,0,-11,-10,-7,0,2,11,4,13,4,0,-41,-39,-47,-45,-43,-35,-30,-35,-31,-17,-17,-23,-19,-24,-24,-23,-17,-8,-12,0,0,0,0,0,0,0,0,0,0,0,0,0,0,0,0,0]} 1. e4 e5 2. Nf3 Nc6 3. Bb5 Nf6 4. d3 Bc5 5. c3 O-O 6. O-O d6 7. h3 h6 {C65: Ruy Lopez: Berlin Defence (3...Nf6), unusual lines and 4 0-0 Bc5} (7... Ne7 8. d4 Bb6 9. Re1 c6 10. Bd3 Ng6 11. Be3 Nh5 12. Nbd2 Nhf4 13. Bf1 exd4 14. Nxd4 d5 15. N4f3 {½-½ (74) Grandelius,N (2682)-Le,Q (2714) Caleta 2019}) 8. Re1 a6 9. Bxc6 bxc6 {White has an edge.} 10. Nbd2 Re8 11. Qc2 Nh5 $146 ({Predecessor:} 11... Bb6 12. Nc4 Be6 13. Nxb6 cxb6 14. d4 exd4 15. Nxd4 {½-½ (24) Eremin,N (2278)-Bogatov,D (2282) ICCF email 2014}) 12. d4 Ba7 13. dxe5 dxe5 14. Nf1 Qf6 15. N1h2 Qg6 {[#] Strongly threatening ...Bxh3.} 16. Nh4 Qf6 17. N4f3 Qg6 {Hoping for ...Bxh3.} 18. Nh4 Qf6 19. Nf5 Bxf5 20. exf5 Ng3 21. Ng4 Qxf5 22. Qxf5 Nxf5 23. Rxe5 h5 24. Rxe8+ (24. Kf1 {keeps more tension.} hxg4 25. Rxf5 gxh3 26. gxh3 f6 27. Bf4) 24... Rxe8 25. Ne3 Nxe3 26. Bxe3 Bxe3 27. fxe3 Rxe3 $15 {[%mdl 4096] Endgame KR-KR} 28. Rd1 Re2 29. Rd8+ Kh7 30. Ra8 Rxb2 31. Rxa6 Rb6 32. Ra7 Rb1+ {The position is equal.} 33. Kh2 Rc1 34. Rxc7 Rxc3 35. Rxf7 Rc2 36. Rc7 Rxa2 37. Rxc6 g6 38. h4 Ra4 39. g3 $1 Ra2+ 40. Kh3 Kh6 41. Rc1 Rd2 {Accuracy: White = 75%, Black = 57%.} 1/2-1/2

[Event "Polugaevsky Memorial 2019"]
[Site "Samara"]
[Date "2019.07.18"]
[Round "9.8"]
[White "Karpeshov, Oleg"]
[Black "Krapivin, Alexander"]
[Result "0-1"]
[WhiteElo "2286"]
[BlackElo "2426"]
[Annotator "NA"]
[PlyCount "53"]
[EventDate "2019.07.10"]
[EventType "swiss"]
[EventCountry "RUS"]
[SourceTitle "playchess.com"]
[Source "ChessBase"]
[SourceQuality "1"]
[TimeControl "5400+30"]

1. c4 {[%emt 0:00:00]} e5 {[%emt 0:07:48]} 2. g3 {[%emt 0:00:00]} Nc6 {[%emt 0:00:05]} 3. Bg2 {[%emt 0:00:13]} g6 {[%emt 0:00:10]} 4. Nc3 {[%emt 0:00:10]} Bg7 {[%emt 0:00:03]} 5. Rb1 {[%emt 0:03:04]} d6 {[%emt 0:01:02]} 6. b4 {[%emt 0:00:20]} Bf5 {[%emt 0:07:24]} 7. d3 {[%emt 0:03:23]} Qd7 {[%emt 0:00:08]} 8. Nd5 {[%emt 0:07:40]} Nd8 {[%emt 0:01:40]} 9. e4 {[%emt 0:08:36]} Be6 {[%emt 0:03:41]} 10. Nf3 {[%emt 0:03:45]} c6 {[%emt 0:13:49]} 11. Ne3 {[%emt 0:00:53]} Ne7 {[%emt 0:00:14]} 12. Ng5 {[%emt 0:05:11]} O-O $11 {[%emt 0:00:32]} 13. h4 {[%emt 0:02:52]} f5 {[%emt 0:09:07]} 14. Bh3 {[%emt 0:18:40]} d5 {[%emt 0:16:57]} 15. h5 dxe4 16. Nxh7 {[%emt 0:21:48]} Kxh7 {[%emt 0:09:41]} 17. hxg6+ {[%emt 0:00:06]} Kg8 {[%emt 0:00:01]} 18. Qh5 {[%emt 0:00:28]} Rf6 {[%emt 0:00:23]} 19. dxe4 {[%emt 0:03:50]} f4 {[%emt 0:07:49]} 20. gxf4 {[%emt 0:01:59]} exf4 {[%emt 0:00:58]} 21. Bb2 {[%emt 0:02:50]} fxe3 {[%emt 0:01:25]} 22. Rd1 {[%emt 0:01:42]} exf2+ {[%emt 0:00:40]} 23. Ke2 {[%emt 0:00:09]} Bxc4+ {[%emt 0:05:30]} 24. Ke3 {[%emt 0:00:19]} Qc7 {[%emt 0:00:48]} 25. Bxf6 {[%emt 0:08:35]} Qg3+ {[%emt 0:00:09]} 26. Qf3 {[%emt 0:00:25]} Bh6+ {[%emt 0:00:40]} 27. Kd4 0-1

[Event "Polugaevsky Memorial 2019"]
[Site "Samara"]
[Date "2019.07.18"]
[Round "9.9"]
[White "Mnatsakanian, Arsen"]
[Black "Tunik, Gennady"]
[Result "1/2-1/2"]
[WhiteElo "2231"]
[BlackElo "2371"]
[Annotator "TA"]
[PlyCount "93"]
[EventDate "2019.07.10"]
[EventType "swiss"]
[EventCountry "RUS"]
[SourceTitle "playchess.com"]
[Source "ChessBase"]
[SourceQuality "1"]

{[%evp 9,93,-13,-9,-22,-32,-27,-17,-29,-22,-70,-22,-24,-29,-30,-18,-46,-47,-129,-130,-134,-129,-172,-156,-158,-156,-208,-168,-202,-196,-180,-97,-247,-194,-264,-273,-233,-172,-180,-174,-188,-188,-188,-172,-173,-165,-170,-171,-171,-171,-151,-151,-151,-151,-226,-98,-93,-68,-68,-54,-68,-68,-68,-12,-12,-12,-12,-12,-12,-12,-14,-14,-14,-14,-14,-14,-14,-14,-14,-12,-12,-12,-12,-12,-13,0,-13]} 1. e4 c5 2. b3 Nc6 3. Bb2 e5 4. Nc3 Nf6 5. Nd5 $146 ({Predecessor:} 5. Bc4 Be7 6. Nge2 O-O 7. d3 Nd4 8. O-O d6 9. f4 Bd7 10. a4 a6 11. Nd5 Bg4 12. Bxd4 cxd4 {½-½ (20) Petenyi,T (2462)-Ftacnik,L (2554) Slovakia 2015}) 5... d6 6. Nxf6+ {B20: Sicilian: Unusual White 2nd moves} (6. Bd3 {seems wilder.} Nxd5 7. exd5 Nb4 8. Bc4 Qg5 9. Kf1) 6... Qxf6 7. g3 Qg6 8. d3 Be7 9. h4 h5 10. Bg2 Bg4 11. Qd2 a5 12. f4 a4 $36 {[%mdl 2048] Black has some pressure.} 13. a3 (13. f5 $15 Qh7 14. Ne2) 13... axb3 $17 14. cxb3 Qe6 15. Qc2 Nd4 16. Bxd4 cxd4 ({Resist} 16... exd4 17. Nf3 $11) 17. f5 (17. Ne2 $17) 17... Qh6 {White must now prevent ...Qe3+.} 18. Qd2 Qxd2+ 19. Kxd2 Kd7 ({Better is} 19... g5 $19 20. fxg6 fxg6) 20. Bf3 (20. Nf3 $17) 20... Ra6 21. Bxg4 (21. Be2 $142) 21... hxg4 $19 22. Ne2 Rha8 23. a4 {[#]} b5 $1 {[%mdl 512]} 24. Rab1 (24. axb5 Rxa1) 24... bxa4 25. bxa4 R8a7 26. Rb2 Rxa4 27. Rhb1 Ra2 28. Nc1 Rxb2+ 29. Rxb2 {[%mdl 4096] Endgame KRB-KRN} g6 30. fxg6 fxg6 31. Nb3 {[#]} (31. Rb8 $17) 31... Ke6 (31... Bf8 $1 $19 {has better winning chances.} 32. Ke2 Bh6) 32. Ke2 $17 Bf8 33. Nd2 Rf7 34. Rb6 Be7 35. Rb8 g5 (35... Rf6 $15) 36. hxg5 $1 $11 {The position is equal.} Bxg5 37. Nc4 $1 Rg7 38. Re8+ Be7 39. Rh8 Rg6 40. Nb6 Bf6 41. Rh7 Bg7 42. Nd5 Kf7 43. Rh1 Bh6 44. Ra1 Bg5 45. Ra7+ Kf8 46. Ra8+ Kf7 47. Ra7+ {Accuracy: White = 61%, Black = 51%.} 1/2-1/2

[Event "Polugaevsky Memorial 2019"]
[Site "Samara"]
[Date "2019.07.18"]
[Round "9.10"]
[White "Gitelson, Arkady"]
[Black "Yatzenko, Anton"]
[Result "0-1"]
[WhiteElo "2191"]
[BlackElo "2355"]
[Annotator "TA"]
[PlyCount "78"]
[EventDate "2019.07.10"]
[EventType "swiss"]
[EventCountry "RUS"]
[SourceTitle "playchess.com"]
[Source "ChessBase"]
[SourceQuality "1"]

{[%evp 14,78,11,9,20,12,18,0,58,-4,-8,-2,0,-14,0,0,0,0,0,0,0,-14,0,-23,-25,-83,-83,-75,-93,-95,-85,-95,-93,-96,-92,-111,-116,-94,-78,-185,-179,-179,-179,-279,-267,-260,-262,-325,-308,-444,-425,-539,-528,-598,-602,-548,-589,-576,-550,-580,-594,-738,-550,-825,-813,-1637,-1628]} 1. e4 e6 2. d4 d5 3. Nc3 Nf6 4. e5 Nfd7 5. f4 c5 6. Nf3 Nc6 7. Be3 Be7 8. Be2 b6 {C11: French: Classical System: 4 e5 and 4 Bg5 dxe4} 9. O-O O-O 10. Kh1 (10. Qd2 f6 11. dxc5 Nxc5 12. Nd4 Bb7 13. exf6 Bxf6 14. Nxc6 Bxc6 {½-½ (41) Kravtsiv,M (2634)-Bartel,M (2640) Lublin 2016}) 10... f5 (10... Bb7 $11) 11. exf6 (11. dxc5 $14 Nxc5 12. Nb5) 11... Nxf6 $11 12. Ne5 Bb7 13. Bf3 $146 ({Predecessor:} 13. Nxc6 Bxc6 14. Bg4 Nxg4 15. Qxg4 Rf6 16. Rad1 Qf8 {½-½ (42) Enders,P (2481)-Schenk,A (2487) Germany 2012}) 13... Nxd4 14. Bxd4 cxd4 15. Qxd4 Rc8 16. Rad1 Qc7 17. Qe3 Bc5 18. Qe2 Bb4 19. Nd3 (19. Nb5 $11 Qxc2 20. Qxc2 Rxc2 21. Nd4 {[%mdl 64] Double Attack}) 19... Bxc3 $17 20. Qxe6+ Qf7 21. Qxf7+ Rxf7 22. bxc3 Rxc3 23. Nb4 {[%cal Rb4d5]} Rd7 24. Rf2 a5 25. Nd3 Rdc7 $36 {[%mdl 2048] Black is in control.} 26. Rb1 (26. Kg1 $17 {was worth a try.}) 26... Ne4 $19 ({And not} 26... Rxc2 27. Rxc2 Rxc2 28. Rxb6 $11) 27. Re2 b5 {[%cal Bb6b5,Bb5b4][%mdl 32]} ({Not} 27... Rxc2 28. Rxc2 Rxc2 29. Rxb6 $15) 28. Ne1 (28. g3 $142 b4 29. Rb2) 28... b4 29. Bxe4 dxe4 30. Rb3 Bd5 31. Kg1 (31. Rb2 {was called for.}) 31... Bxb3 {Black is clearly winning.} 32. cxb3 {[%mdl 4096] Endgame KRR-KRN} e3 33. g3 Rd7 34. Nf3 Rd1+ 35. Kg2 g6 36. g4 Kg7 37. Kg3 Rf1 38. Ne5 {[#]} Rf2 $1 {[%mdl 64] Promotion} 39. Rxf2 e2+ {Accuracy: White = 21%, Black = 75%.} 0-1